| 000 | 00920nam a2200253Ia 4500 | ||
|---|---|---|---|
| 003 | OSt | ||
| 005 | 20221005133600.0 | ||
| 006 | a|||||r|||| 00| 0 | ||
| 007 | ta | ||
| 008 | 221004b |||||||| |||| 00| 0 hin d | ||
| 020 |
_a8187177896 (hbk) _c900 |
||
| 024 | _a87497 | ||
| 037 |
_b1610, 06/02/2008, Vidyanidhi Prakashan _cTextual |
||
| 040 |
_aCRL _cCRL _bhin |
||
| 041 |
_2hin _ahin |
||
| 082 | _aQ1:g(W,1), 152P6.1-.2 | ||
| 100 | _aशर्मा, केदार | ||
| 245 | 0 | _aपा्रचीन संस्कृत वाड्.मय में राजधर्म का स्वरूप | |
| 246 | _aPārachīn sanskṛut vāḍ.maya mean rājadharma kā svarūpa | ||
| 260 | _c2006 | ||
| 300 |
_aगए336चण् _ccm. |
||
| 942 |
_hQ1:g(W,1), 152P6.1-.2 _cTEXL _2cc |
||
| 999 |
_c1067280 _d1067280 |
||